| 000 | 01247cam a22003497a 4500 | ||
|---|---|---|---|
| 999 |
_c354226 _d354226 |
||
| 001 | 14658926 | ||
| 003 | ASAB | ||
| 005 | 20180118111110.0 | ||
| 008 | 061207s2006 enk 000 0 eng | ||
| 010 |
_a 2006497560 _z 2007367943 |
||
| 015 |
_aGBA616253 _2bnb |
||
| 016 | 7 |
_a013385797 _2Uk |
|
| 020 | _a0007221347 (pbk.) | ||
| 020 | _a9780007221349 | ||
| 035 | _a(OCoLC)ocm63185739 | ||
| 035 | _a(OCoLC)63185739 | ||
| 040 | _cASAB | ||
| 042 | _alccopycat | ||
| 050 | 0 | 0 |
_aQP34.5 _b.Y686 2006 |
| 082 | 0 | 4 |
_a612.003 _222 |
| 100 | 1 |
_aYoungson, R. M. _98546 |
|
| 245 | 1 | 0 |
_aCollins dictionary of human biology / _cRobert M. Youngson. |
| 246 | 3 | _aDictionary of human biology | |
| 246 | 3 | 4 | _aCollins internet-linked dictionary of human biology |
| 260 |
_aLondon : _bCollins, _c2006. |
||
| 300 |
_a522 p. : _bill. ; _c20 cm. |
||
| 500 | _aIncludes list of websites relating to human biology | ||
| 650 | 0 |
_aHuman biology _vDictionaries. _98547 |
|
| 906 |
_a7 _bcbc _ccopycat _d2 _encip _f20 _gy-gencatlg |
||
| 942 |
_2ddc _cBK |
||